Digital Electronics (Record no. 45)

MARC details
000 -LEADER
Fixed length control field 00528nam a2200205 4500
003 - CONTROL NUMBER IDENTIFIER
Control field SEACOMMC
005 - DATE AND TIME OF LATEST TRANSACTION
Control field 20231010055749.0
008 - FIXED-LENGTH DATA ELEMENTS--GENERAL INFORMATION
Fixed length control field 231010b |||||||| |||| 00| 0 eng d
020 ## - INTERNATIONAL STANDARD BOOK NUMBER / ISBN
Price $ 6.50
040 ## - CATALOGING SOURCE
Original cataloging agency SEACOMMC
082 ## - DEWEY DECIMAL CLASSIFICATION NUMBER
Classification number 621.3815
Book Number BIG
100 1# - MAIN ENTRY--PERSONAL NAME
Personal name Bignell, James
245 1# - TITLE STATEMENT
Title Digital Electronics
Statement of responsibility James Bignell and Robert Donovan
250 ## - EDITION STATEMENT
Edition statement 4th ed.
260 ## - IMPRINT
Place of publication Singapore
Name of publisher Thomson
650 ## - SUBJECT ADDED ENTRY--TOPICAL TERM
Topical term Engineering
650 ## - SUBJECT ADDED ENTRY--TOPICAL TERM
Topical term Electronics, communications engineering
700 1# - ADDED ENTRY--PERSONAL NAME
Personal name Donovan, Robert
942 ## - ADDED ENTRY ELEMENTS (KOHA)
Koha item type Books
Holdings
Withdrawn status Lost status Source of classification Damaged status Not for loan Home library Current library Shelving location Date acquired Total Checkouts Call number Accession number Date last seen Price effective from Koha item type
    Dewey Decimal Classification     SEACOM MANAGEMENT COLLEGE SEACOM MANAGEMENT COLLEGE Reference 20/07/2006   621.3815 BIG 03944 10/10/2023 10/10/2023 Reference Books
© Seacom Engineering College, All rights reserved.    Powered by Koha